000 00508nam a2200181Ia 4500
005 20250508153942.0
008 008 250505s9999 xx 000 0 eng d
037 _aTextual
040 _aFEDL
_beng
_cFEDL
041 _aeng
_2eng
084 _a371.33523, NOE
_qFEDL
245 0 _aStudies: Projecting motion pictures in the classroom
245 0 _cAmerican Council on Education
260 _c1946
300 _avii,53p.
942 _cTEXL
_h371.33523, NOE
999 _c1346573
_d1346573